Health , wealth & happiness : (Record no. 69120)

MARC details
000 -LEADER
fixed length control field 00999nam a22002777a 4500
005 - DATE AND TIME OF LATEST TRANSACTION
control field 20120821104915.0
008 - FIXED-LENGTH DATA ELEMENTS--GENERAL INFORMATION
fixed length control field 120821t xxu||||| |||| 00| 0 eng d
010 ## - LCCN (DPL NO)
LC control number ENG-105568
020 ## - INTERNATIONAL STANDARD BOOK NUMBER
International Standard Book Number 9788190939645
Terms of availability 250.00
035 ## - SYSTEM CONTROL NUMBER
System control number EN-89101
037 ## - SOURCE OF ACQUISITION
Source of stock number/acquisition DBAD/PUB
040 ## - CATALOGING SOURCE
Original cataloging agency DPL
Language of cataloging Eng
082 ## - DEWEY DECIMAL CLASSIFICATION NUMBER
Classification number 650.1
100 1# - MAIN ENTRY--PERSONAL NAME
Personal name David Singh
9 (RLIN) 51233
245 10 - TITLE STATEMENT
Title Health , wealth & happiness :
Remainder of title you can control your destiny /
Statement of responsibility, etc by David Singh with Albert E. D'Souza
260 ## - PUBLICATION, DISTRIBUTION, ETC. (IMPRINT)
Place of publication, distribution, etc New Delhi
Name of publisher, distributor, etc Good Times Books
Date of publication, distribution, etc 2012
270 ## - ADDRESS
Address H-13, Bali Nagar
City New Delhi
Postal code 110015
300 ## - PHYSICAL DESCRIPTION
Extent xiv,248p.
Dimensions 24cm(pbk)
650 ## - SUBJECT ADDED ENTRY--TOPICAL TERM
Topical term or geographic name as entry element Success in business
9 (RLIN) 51266
650 ## - SUBJECT ADDED ENTRY--TOPICAL TERM
Topical term or geographic name as entry element Finance, Personal
9 (RLIN) 51267
650 ## - SUBJECT ADDED ENTRY--TOPICAL TERM
Topical term or geographic name as entry element Health
9 (RLIN) 51268
700 ## - ADDED ENTRY--PERSONAL NAME
Personal name D'Souza, Albert E.
9 (RLIN) 51269
942 ## - ADDED ENTRY ELEMENTS (KOHA)
Source of classification or shelving scheme Dewey Decimal Classification
Item type English Books
Classification part 650.1
Call number suffix DAV
Holdings
Withdrawn status Lost status Source of classification or shelving scheme Damaged status Not for loan Collection code Home library Current library Date acquired Source of acquisition Cost, normal purchase price Total Checkouts Full call number Barcode Date last seen Copy number Cost, replacement price Koha item type
    Dewey Decimal Classification   Not For Loan Non-fiction D.B.Act.Division D.B.Act.Division 21/08/2012 DBAD/PUB 250.00   650.1 DAV EN-89101 21/08/2012 1 250.00 English Books

© Delhi Public Library
Hit Counter
free hit counter